| 000 | 00506 a2200133 4500 | ||
|---|---|---|---|
| 082 | _aBIT-4 | ||
| 100 |
_aOmar Altaf _993307 |
||
| 245 |
_aIntegration of salesforce.com and Collabobase _cOmar Altaf |
||
| 260 |
_aIslamabad, _bNUST School of Electrical Engineering & Computer Science, _c2006. |
||
| 300 |
_aviii, 49 p. : _bill. ; _c27 cm. + _eCD-ROM |
||
| 500 | _aSupervisors : Wg. Cdr. Ramzan, Mr. Saad Liaquat Khan. | ||
| 856 | _uhttp://10.250.8.41:8080/xmlui/handle/123456789/29118 | ||
| 942 |
_cPR _kBIT-4 OMA _2ddc |
||
| 999 |
_c9115 _d9115 |
||